00413nam a2200145Ia 4500008004100000020001500041041001200056082001600068100001400084245009700098260002500195300000800220650002100228700001800249221030s9999 xx 000 0 und d a8120329619 aEnglish a105.23bTur aE. Turban 0aDecision Support Systems & Intelligent Systems ( DEPARTMENTAL )cby E. Turban, J. E. Aronson bPHIaNew Delhic2006 a936 aCSE Departmental aJ. E. Aronson